Perdana Magazine 2011-2012 : (Record no. 121943)

MARC details
000 -LEADER
fixed length control field 00756nam a2200229 i 4500
001 - CONTROL NUMBER
control field C2-0321493
003 - CONTROL NUMBER IDENTIFIER
control field PPAK
005 - DATE AND TIME OF LATEST TRANSACTION
control field 20180728120636.0
008 - FIXED-LENGTH DATA ELEMENTS--GENERAL INFORMATION
fixed length control field 130220s2012 my a|||| ||||| | eng d
040 ## - CATALOGING SOURCE
Original cataloging agency PPAK
Language of cataloging eng
Transcribing agency PPAK
Description conventions rda
082 04 - DEWEY DECIMAL CLASSIFICATION NUMBER
Classification number 303.3405
Edition number 23
090 00 - LOCALLY ASSIGNED LC-TYPE CALL NUMBER (OCLC); LOCAL CALL NUMBER (RLIN)
Classification number (OCLC) (R) ; Classification number, CALL (RLIN) (NR) 303.3405
Feature heading PER
Feature heading KK
245 00 - TITLE STATEMENT
Title Perdana Magazine 2011-2012 :
Remainder of title making the public sector more accountable
264 #1 - PRODUCTION, PUBLICATION, DISTRIBUTION, MANUFACTURE, AND COPYRIGHT NOTICE
Place of production, publication, distribution, manufacture Selangor :
Name of producer, publisher, distributor, manufacturer Perdana Leadership Foundation ,
Date of production, publication, distribution, manufacture, or copyright notice 2012
300 ## - PHYSICAL DESCRIPTION
Extent 39 pages :
Other physical details illustrations ;
Dimensions 29 cm
336 ## - CONTENT TYPE
Source rdacontent
Content type term text
337 ## - MEDIA TYPE
Source rdamedia
Media type term unmediated
338 ## - CARRIER TYPE
Source rdacarrier
Carrier type term volume
650 10 - SUBJECT ADDED ENTRY--TOPICAL TERM
Topical term or geographic name entry element Leadership - Malaysia - Periodicals. ; Yayasan Kepimpinan Perdana - Periodicals.
700 0# - ADDED ENTRY--PERSONAL NAME
Personal name Zarina Abu Bakar,
Relator term editor
942 ## - ADDED ENTRY ELEMENTS (KOHA)
-- dc
Koha item type Book
Holdings
Withdrawn Not for loan Current library Shelving location Date acquired Full call number Barcode Date last seen Koha item type
  Not For Loan Perpustakaan Alor Setar Koleksi Kedah 18/04/2013 KK 303.3405 PER A00365864 09/05/2018 Book
  Not For Loan Perpustakaan Alor Setar Koleksi Kedah 18/04/2013 KK 303.3405 PER A00365863 09/05/2018 Book